| 000 | 01230nam a22002657a 4500 | ||
|---|---|---|---|
| 003 | DO-SdBNP | ||
| 005 | 20250529145122.0 | ||
| 007 | ta | ||
| 008 | 250529b2024 dr ||||| |||| 00| 0 spa d | ||
| 020 | _a9789945511154 | ||
| 040 |
_aDO-SdBNP _bspa _cBNPHU _erda |
||
| 041 | _aspa | ||
| 082 | 4 |
_axxx _bD542h _222 |
|
| 100 | 1 |
_aDíaz Santana, Arismendi _eautor _4aut. _91343 |
|
| 245 | 1 | 0 |
_aHistoria y fundamentos del SDSS : _buna explicación sencilla del Sistema Dominicano de Seguridad Social / _cArismendi Díaz Santana. |
| 264 |
_aSanto Domingo, República Dominicana : _bInstituto Tecnológico de Santo Domingo (INTEC), _c2024. |
||
| 300 |
_a556 páginas ; _c23 cm. |
||
| 336 |
_atexto _btx _2rdacontent |
||
| 337 |
_asin mediación _bn _2rdamedia |
||
| 338 |
_avolumen _bnc _2rdacarrier |
||
| 505 | _aPrólogo I 11 -- Prólogo II 13 -- Introducción 17 -- Primera parte: Antecedentes, exclusiones, privatización y clientelismo 25 -- Segunda parte: Un derecho a la salud basado en recursos y equilibrio financiero 175 -- Tercera parte: Capacidad de ahorro, inversión y acumulación para el retiro 347 -- Referencias bibliográficas y digitales 551 | ||
| 590 | _aInventariado, 2025 /LP | ||
| 910 | _aLP | ||
| 942 |
_2ddc _cLBS1 |
||
| 999 |
_c58648 _d58648 |
||